000
00222nam a22000857a 4500
008
161115b xxu||||| |||| 00| 0 eng d
100
_9
1228
_a
Arora.S.L.
245
_a
Move Fast with Physics
260
_a
New Delhi
_b
Dhanpatrai
_c
2016
999
_c
3919
_d
3919